[Event "Ch State Sao Paulo"]
[Site "masterchessopen.com - Santos (Brazil)"]
[Round "1"]
[White "Fernandez Rodrigo Amaral (BRA)"]
[Black "Fernandez Hector (BRA)"]
[Result "1-0"]
[WhiteElo "2228"]
[BlackElo "2063"]

1.d4 Nf6 2.c4 c5 3.d5 e6 4.Nc3 exd5 5.cxd5 d6 6.e4 g6 7.f4 Bg7 8.Bb5+ Nfd7
9.a4 O-O 10.Nf3 Na6 11.O-O Nc7 12.Bxd7 Bxd7 13.f5 gxf5 14.Bg5 f6 15.Bf4 Ne8
16.exf5 Bxf5 17.Qd2 Bg6 18.Rae1 Rf7 19.Re6 Rd7 20.Nh4 Nc7 21.Rfe1 Qf8 22.Qf2
Re8 23.Nxg6 hxg6 24.Nb5 Red8 25.Nxc7 Rxc7 26.Qg3 Qf7 27.Bxd6 Rcd7 28.Bxc5 b6
29.Bb4 g5 30.d6 Qg6 31.Bc3 Qf5 32.Qe3 Rxd6 33.Rxd6 {#r} 1-0

[Event "Ch Stuttgart (open)"]
[Site "masterchessopen.com - Stuttgart (Germany)"]
[Round "7"]
[White "Haag Ulrich (GER)"]
[Black "Kekelidze Mikheil (GEO)"]
[Result "0-1"]
[WhiteElo "2150"]
[BlackElo "2455"]

1.d4 Nf6 2.c4 e6 3.Nc3 c5 4.d5 exd5 5.cxd5 d6 6.e4 g6 7.f4 Bg7 8.Bb5+ Nfd7
9.a4 O-O 10.Nf3 Na6 11.O-O Nb4 12.Bxd7 Bxd7 13.f5 gxf5 14.Bg5 Qb6 15.Qd2 fxe4
16.Nxe4 f5 17.Ng3 Nd3 18.a5 Qb5 19.Nh5 Bxb2 20.Rab1 c4 21.Bh6 f4 22.Nxf4 Rxf4
23.Bxf4 c3 24.Rxb2 cxb2 25.Bxd6 Qxd5 26.Be5 Qc5+ 27.Bd4 Qb5 28.Qh6 Ne5 29.Bxe5
Qc5+ 30.Kh1 Qe7 {#R} 0-1

[Event "Ch Czech Republic (juniors) (under 16)"]
[Site "masterchessopen.com - Svetla nad Sazavou (Czech Republic)"]
[Round "7"]
[White "Voracek Miroslav (CZE)"]
[Black "Brychta Ivan (CZE)"]
[Result "1-0"]
[WhiteElo "2210"]
[BlackElo "2255"]

1.d4 Nf6 2.c4 c5 3.d5 e6 4.Nc3 exd5 5.cxd5 d6 6.e4 g6 7.f4 Bg7 8.Bb5+ Nfd7
9.a4 a6 10.Bd3 O-O 11.Nf3 Nf6 12.h3 c4 13.Bc2 Re8 14.O-O Nbd7 15.Nd2 Qc7
16.Qf3 Rb8 17.a5 Nc5 18.Qe2 Nd3 19.Bxd3 cxd3 20.Qxd3 b5 21.axb6 Rxb6 22.Kh2
Nd7 23.Qc4 Qb8 24.Na4 Rb4 25.Qc2 Nf6 26.Nc3 Qc7 27.Ra4 Nxd5 28.exd5 Bf5 29.Qd1
Bxc3 30.bxc3 Qxc3 31.Rxb4 Qxb4 32.Nf3 {#r} 1-0

[Event "Ch Great Britain"]
[Site "masterchessopen.com - Torquay (England)"]
[Round "7"]
[White "Houska Miroslav (ENG)"]
[Black "Tebb David (ENG)"]
[Result "1-0"]
[WhiteElo "2375"]
[BlackElo "2250"]

1.d4 Nf6 2.c4 c5 3.d5 e6 4.Nc3 exd5 5.cxd5 d6 6.e4 g6 7.f4 Bg7 8.Bb5+ Nfd7
9.a4 O-O 10.Nf3 Na6 11.O-O Nc7 12.Bxd7 Bxd7 13.f5 gxf5 14.Bg5 f6 15.Bf4 Re8
16.exf5 Bxf5 17.Nh4 Bc8 18.Qh5 Qd7 19.Rae1 b6 20.Nb5 Rxe1 21.Rxe1 Nxb5 22.Re8+
Bf8 23.Ng6 Bb7 24.Ne7+ Kh8 25.Qf7 {#r} 1-0

[Event "It (open)"]
[Site "masterchessopen.com - Wiesbaden (Germany)"]
[Round "2"]
[White "Jugow Alexander (GER)"]
[Black "Hausmann Hans-Ulrich (GER)"]
[Result "1-0"]
[WhiteElo "2265"]
[BlackElo "1950"]

1.d4 Nf6 2.c4 c5 3.d5 e6 4.Nc3 exd5 5.cxd5 d6 6.e4 g6 7.f4 Bg7 8.Bb5+ Nfd7
9.a4 O-O 10.Nf3 Na6 11.O-O Nc7 12.Re1 a6 13.Bf1 Re8 14.e5 dxe5 15.d6 Ne6
16.fxe5 b6 17.Bc4 Bb7 18.Nd5 b5 19.Ne7+ Rxe7 20.dxe7 Qxe7 21.axb5 axb5
22.Rxa8+ Bxa8 23.Bxb5 Bxf3 24.Qxd7 Qh4 25.Re3 Nf4 26.Qe8+ Bf8 27.Rxf3 Qe1+
28.Rf1 {#r} 1-0

[Event "It (open)"]
[Site "masterchessopen.com - Bad Zwesten (Germany)"]
[Round "9"]
[White "Lautier Joel (FRA)"]
[Black "Sandner Gunter (GER)"]
[Result "1-0"]
[WhiteElo "2638"]
[BlackElo "2374"]

1.d4 Nf6 2.c4 e6 3.Nc3 c5 4.d5 exd5 5.cxd5 d6 6.e4 g6 7.f4 Bg7 8.Bb5+ Nfd7
9.a4 O-O 10.Nf3 a6 11.Be2 Nf6 12.O-O Bg4 13.Re1 Re8 14.e5 Bxf3 15.Bxf3 dxe5
16.fxe5 Nfd7 17.e6 Ne5 18.Bh6 Bxh6 19.Rxe5 Nd7 20.Re2 Nf6 21.Qb3 fxe6 22.Rd1
exd5 23.Nxd5 c4 24.Rxe8+ Nxe8 25.Qxb7 {#r} 1-0

[Event "It (open)"]
[Site "masterchessopen.com - Ceske Budejovice (Czech Republic)"]
[Round "8"]
[White "Orsag Milan (CZE)"]
[Black "Hrivnak Daniel (CZE)"]
[Result "0-1"]
[WhiteElo "2407"]
[BlackElo "2304"]

1.d4 Nf6 2.c4 c5 3.d5 e6 4.Nc3 exd5 5.cxd5 d6 6.e4 g6 7.f4 Bg7 8.Bb5+ Nfd7
9.a4 O-O 10.Nf3 Na6 11.O-O Nc7 12.Bd3 a6 13.Be3 Rb8 14.e5 dxe5 15.d6 Ne6 16.f5
Nd4 17.fxg6 fxg6 18.Ng5 Nf6 19.Rxf6 Rxf6 20.Nce4 h6 21.Bc4+ Kh8 22.Nxf6 Qxf6
23.Ne4 Qd8 24.Qd2 Bf5 25.Ng3 Kh7 26.Rf1 Qxd6 27.h4 b5 28.axb5 axb5 29.Nxf5
gxf5 30.Be2 e4 31.Bf4 Be5 {#R} 0-1

[Event "?"]
[Site "masterchessopen.com - corr."]
[Round "0"]
[White "Gilimshin A"]
[Black "Krohalev Sergei F"]
[Result "0-1"]
[WhiteElo "2335"]
[BlackElo "2435"]

1.d4 Nf6 2.c4 c5 3.d5 e6 4.Nc3 exd5 5.cxd5 d6 6.e4 g6 7.f4 Bg7 8.Bb5+ Nfd7
9.a4 Qh4+ 10.g3 Qe7 11.Nf3 Bxc3+ 12.bxc3 Qxe4+ 13.Kf2 O-O 14.Re1 Qf5 15.Bf1
Nf6 16.c4 Na6 17.Bd3 Qh5 18.Bb2 Ng4+ 19.Kg1 Nh6 20.Ng5 Qxd1 21.Raxd1 Bf5
22.Bxf5 Nxf5 23.Ne4 Rfd8 24.Bf6 Rd7 25.Nxc5 {#R} 0-1

[Event "Oberliga Northwest 1998/99"]
[Site "masterchessopen.com - Germany"]
[Round "0"]
[White "Hummel Dirk (GER)"]
[Black "Geveke Michael (GER)"]
[Result "1-0"]
[WhiteElo "2231"]
[BlackElo "2275"]

1.d4 Nf6 2.c4 c5 3.d5 e6 4.Nc3 exd5 5.cxd5 d6 6.e4 g6 7.f4 Bg7 8.Bb5+ Nfd7
9.a4 a6 10.Be2 Qh4+ 11.g3 Qd8 12.Nf3 O-O 13.O-O Re8 14.h3 Bxc3 15.bxc3 Nf6
16.Kh2 Qd7 17.Ng1 Nxe4 18.Bb2 Qc7 19.c4 Qa5 20.Bd3 f5 21.Nf3 Nd7 22.Re1 Nf8
23.Ng5 Nf2 24.Rxe8 Nxd1 25.Rxd1 Qb4 26.Ba1 h6 27.Nh7 Kxh7 28.Rxf8 g5 29.h4 Kg6
30.g4 {#r} 1-0

[Event "Verbandsliga North 1998/99"]
[Site "masterchessopen.com - Germany"]
[Round "9"]
[White "Schlager Thomas (GER)"]
[Black "Lindemann Stefan (GER)"]
[Result "1-0"]
[WhiteElo "2292"]
[BlackElo "2335"]

1.d4 Nf6 2.c4 c5 3.d5 e6 4.Nc3 exd5 5.cxd5 d6 6.e4 g6 7.f4 Bg7 8.Bb5+ Nfd7
9.a4 O-O 10.Nf3 Na6 11.O-O Nc7 12.Bc4 a6 13.Re1 Re8 14.e5 dxe5 15.d6 Ne6
16.fxe5 Nb6 17.Ba2 Bd7 18.a5 Nc8 19.Bd5 Rb8 20.Ne4 b6 21.Bg5 {#r} 1-0

[Event "VL Ruhrgebiet 1998/99"]
[Site "masterchessopen.com - Germany"]
[Round "7"]
[White "Frombach Ralf (GER)"]
[Black "Peter Thomas (GER)"]
[Result "0-1"]
[WhiteElo "2240"]
[BlackElo "2230"]

1.d4 Nf6 2.c4 c5 3.d5 e6 4.Nc3 exd5 5.cxd5 d6 6.e4 g6 7.f4 Bg7 8.Bb5+ Nfd7
9.a4 O-O 10.Nf3 Na6 11.O-O Nb4 12.Re1 a6 13.Bc4 Nb6 14.Be2 Bg4 15.Be3 Bxf3
16.Bxf3 Nc4 17.Bc1 Qf6 18.e5 dxe5 19.Qe2 e4 20.Bxe4 Nd6 21.Be3 b6 22.Rad1 Rfe8
23.Qf3 Nf5 24.d6 Rad8 25.d7 Re7 26.Bxf5 Qxf5 27.g4 Qf6 28.Nd5 Nxd5 29.Qxd5 Qe6
30.Bxc5 Qxd5 31.Bxe7 Bd4+ {#R} 0-1

[Event "It (cat.4) (young masters)"]
[Site "masterchessopen.com - Groningen (Netherlands)"]
[Round "3"]
[White "Ovod Evgenija (RUS)"]
[Black "Stellwagen Daniel (NED)"]
[Result "1-0"]
[WhiteElo "2303"]
[BlackElo "2254"]

1.d4 Nf6 2.c4 c5 3.d5 e6 4.Nc3 exd5 5.cxd5 d6 6.e4 g6 7.f4 Bg7 8.Bb5+ Nfd7
9.a4 O-O 10.Nf3 Na6 11.O-O Nc7 12.Bd3 a6 13.Qe1 Rb8 14.e5 Nb6 15.f5 dxe5
16.fxg6 fxg6 17.Bg5 Qd6 18.Qh4 Re8 19.Ne4 Qxd5 20.Nf6+ Bxf6 21.Bxg6 {#r} 1-0

[Event "It (open)"]
[Site "masterchessopen.com - Haarlem (Netherlands)"]
[Round "6"]
[White "Beekman Robert (NED)"]
[Black "Erwich Frans AGM (NED)"]
[Result "0-1"]
[WhiteElo "2253"]
[BlackElo "2079"]

1.d4 Nf6 2.c4 e6 3.Nc3 c5 4.d5 exd5 5.cxd5 d6 6.e4 g6 7.f4 Bg7 8.Bb5+ Nfd7
9.a4 O-O 10.Nf3 Na6 11.O-O Nb4 12.Re1 Nf6 13.h3 b6 14.e5 Ne8 15.e6 fxe6
16.dxe6 Qe7 17.Bc4 Bb7 18.Nd5 Nxd5 19.Bxd5 Bxd5 20.Qxd5 Rd8 21.g4 Nf6 22.Qg5
Kh8 23.f5 gxf5 24.Nh4 Nd5 25.Nxf5 Rxf5 26.Qxf5 Bd4+ 27.Kg2 Rf8 28.Qxd5 Qh4
29.Bf4 Rxf4 30.Rf1 Rxg4+ 31.Kf3 Qxh3+ 32.Ke2 Qe3+ {#R} 0-1

[Event "It (open)"]
[Site "masterchessopen.com - Haarlem (Netherlands)"]
[Round "1"]
[White "Konings Leon (NED)"]
[Black "Hazenberg Frans (NED)"]
[Result "1-0"]
[WhiteElo "2255"]
[BlackElo "1979"]

1.d4 Nf6 2.c4 e6 3.Nc3 c5 4.d5 exd5 5.cxd5 d6 6.e4 g6 7.f4 Bg7 8.Bb5+ Nfd7
9.a4 O-O 10.Nf3 Re8 11.O-O a6 12.Bd3 Nf6 13.Qc2 Nbd7 14.Bd2 Rb8 15.Rae1 c4
16.Bxc4 Qb6+ 17.Kh1 Nc5 18.b4 Qxb4 19.Nb5 Qxa4 20.Qxa4 Nxa4 21.Nxd6 Rd8 22.e5
Ng4 23.h3 Nh6 24.g4 b5 25.Ba2 b4 26.Nd4 Bd7 27.Nc6 {#r} 1-0

[Event "Ch Spain (juniors) (under 18)"]
[Site "masterchessopen.com - Oropesa (Spain)"]
[Round "5"]
[White "Ortega Ruiz Jose Miguel (ESP)"]
[Black "Garcia Romero Benjamin Abel (ESP)"]
[Result "1-0"]
[WhiteElo "2235"]
[BlackElo "2077"]

1.d4 Nf6 2.c4 c5 3.d5 e6 4.Nc3 exd5 5.cxd5 d6 6.e4 g6 7.f4 Bg7 8.Bb5+ Nfd7
9.a4 O-O 10.Nf3 Na6 11.O-O Nc7 12.Bc4 Re8 13.Re1 Rb8 14.e5 dxe5 15.d6 Ne6
16.fxe5 Nd4 17.Bg5 Qa5 18.Nxd4 cxd4 19.Bxf7+ Kxf7 20.Qb3+ Re6 21.Rf1+ Nf6
22.Bxf6 Kg8 23.Nd5 Bxf6 24.Rxf6 Kg7 25.Qf3 Rxe5 26.Rf7+ Kh6 27.Qf4+ Rg5 28.h4
{#r} 1-0

[Event "Ch World (juniors) (under 18)"]
[Site "masterchessopen.com - Oropesa (Spain)"]
[Round "5"]
[White "Handke Florian (GER)"]
[Black "Loetscher Roland (SUI)"]
[Result "1-0"]
[WhiteElo "2361"]
[BlackElo "2209"]

1.d4 Nf6 2.c4 c5 3.d5 e6 4.Nc3 exd5 5.cxd5 d6 6.e4 g6 7.f4 Bg7 8.Bb5+ Nfd7
9.a4 O-O 10.Nf3 Na6 11.O-O Nc7 12.Bd3 a6 13.Kh1 Rb8 14.f5 Ne8 15.Bg5 Bf6
16.Bxf6 Nexf6 17.e5 Nxe5 18.Nxe5 dxe5 19.Qf3 Kg7 20.Rae1 Re8 21.Re3 g5 22.Qg3
h6 23.h4 g4 24.Rfe1 Bd7 25.Ne4 h5 26.Nd6 Re7 27.Rxe5 Rxe5 28.Qxe5 Bxa4 29.Qf4
Nxd5 30.f6+ Qxf6 31.Nf5+ Kh7 32.Qxb8 {#r} 1-0

[Event "Ch Quebec (juniors)"]
[Site "masterchessopen.com - Quebec (Canada)"]
[Round "5"]
[White "Gravel Simon (CAN)"]
[Black "Hua Lefong (CAN)"]
[Result "1-0"]
[WhiteElo "2281"]
[BlackElo "2246"]

1.d4 Nf6 2.c4 c5 3.d5 e6 4.Nc3 exd5 5.cxd5 d6 6.e4 g6 7.f4 Bg7 8.Bb5+ Nfd7
9.a4 O-O 10.Nf3 Na6 11.O-O Re8 12.Re1 Nb4 13.h3 a6 14.Bc4 b6 15.Be3 Qc7 16.Bf2
Rb8 17.Bg3 b5 18.axb5 Nb6 19.Bf1 c4 20.Bf2 Nd7 21.Qa4 Nd3 22.Bxd3 cxd3 23.Nd4
Nc5 24.Qc4 Bd7 25.Rad1 Bxd4 26.Qxd4 Bxb5 27.Nxb5 axb5 28.b4 d2 29.Rxd2 Nb3
30.Qf6 Rxe4 31.Rxe4 Qc1+ 32.Kh2 Qxd2 33.Be1 {#r} 1-0

[Event "VL1 1999/00"]
[Site "masterchessopen.com - Ruhrgebiet (Germany)"]
[Round "3"]
[White "Thelen Thomas (GER)"]
[Black "Rickert Dirk (GER)"]
[Result "1-0"]
[WhiteElo "2118"]
[BlackElo "2116"]

1.d4 Nf6 2.c4 c5 3.d5 e6 4.Nc3 exd5 5.cxd5 d6 6.e4 g6 7.f4 Bg7 8.Bb5+ Nfd7
9.a4 O-O 10.Nf3 a6 11.Bd3 Qc7 12.O-O Re8 13.Kh1 Nf8 14.h3 Nbd7 15.e5 dxe5
16.f5 c4 17.Bc2 Nc5 18.Ng5 f6 19.Ne6 Bxe6 20.fxe6 Qd6 21.Be3 f5 22.Qe2 Rac8
23.Rac1 Nb3 24.Bxb3 cxb3 25.g4 f4 26.Ne4 Qb4 27.Bd2 Qxa4 28.Bc3 Re7 29.Nd6
Rxc3 30.bxc3 Qa3 31.Ne4 Re8 32.d6 Nxe6 33.Ra1 {#r} 1-0

[Event "It (open)"]
[Site "masterchessopen.com - Sao Paulo (Brazil)"]
[Round "1"]
[White "Leal Alberto (MEX)"]
[Black "Muniz Rafael (URU)"]
[Result "1-0"]
[WhiteElo "2270"]
[BlackElo "2125"]

1.d4 Nf6 2.c4 c5 3.d5 e6 4.Nc3 exd5 5.cxd5 d6 6.e4 g6 7.f4 Bg7 8.Bb5+ Nfd7
9.a4 O-O 10.Nf3 Na6 11.O-O Nb4 12.Bxd7 Bxd7 13.f5 gxf5 14.Bg5 Qc7 15.Nh4 fxe4
16.Nxe4 f5 17.Ng3 Rae8 18.Nhxf5 Bxf5 19.Nxf5 Re5 20.Qg4 Kh8 21.Nxg7 Qxg7
22.Rxf8+ Qxf8 23.Rf1 {#r} 1-0

[Event "Ch Great Britain"]
[Site "masterchessopen.com - Scarborough (England)"]
[Round "5"]
[White "Sundararajan Kidambi (IND)"]
[Black "Rudd Jack (ENG)"]
[Result "1-0"]
[WhiteElo "2334"]
[BlackElo "2185"]

1.d4 Nf6 2.c4 c5 3.d5 e6 4.Nc3 exd5 5.cxd5 d6 6.e4 g6 7.f4 Bg7 8.Bb5+ Nfd7
9.a4 O-O 10.Nf3 Na6 11.O-O Nc7 12.Bd3 a6 13.Bd2 Rb8 14.a5 b5 15.axb6 Nxb6
16.h3 f5 17.e5 dxe5 18.Nxe5 Ncxd5 19.Nc6 Bd4+ 20.Kh2 Qc7 21.Nxd5 Nxd5 22.Nxb8
Qxb8 23.Bc4 Be6 24.Rxa6 Bf7 25.Qf3 Qxb2 26.Bxd5 Qxd2 27.Ra7 Bxd5 28.Qxd5+ Kh8
29.Qb7 {#r} 1-0

[Event "It \"]
[Site "masterchessopen.com - St. Petersburg (Russia)"]
[Round "5"]
[White "Biriukov Oleg V (RUS)"]
[Black "Loginov Valery A (RUS)"]
[Result "0-1"]
[WhiteElo "2378"]
[BlackElo "2530"]

1.d4 Nf6 2.c4 e6 3.Nc3 c5 4.d5 exd5 5.cxd5 g6 6.e4 d6 7.f4 Bg7 8.Bb5+ Nfd7
9.a4 O-O 10.Nf3 Na6 11.O-O Nc7 12.Bd3 a6 13.Re1 Nf6 14.h3 Rb8 15.Bf1 b5 16.e5
Nfe8 17.axb5 axb5 18.Ne4 Bb7 19.exd6 Nxd6 20.Nxc5 Bxd5 21.Ne5 Nf5 22.Ncd7 f6
23.Nxb8 fxe5 24.Na6 exf4 25.Bxf4 Bd4+ 26.Kh2 Ne6 27.Be5 Qh4 28.Qg4 Qf2 29.Bxd4
Nexd4 30.Re2 Nxe2 31.Qxe2 Qg3+ 32.Kg1 Nd4 {#R} 0-1

[Event "Ch DLM (team)"]
[Site "masterchessopen.com - Bad Homburg (Germany)"]
[Round "1"]
[White "Neyman Igor (GER)"]
[Black "Hankel Dennis (GER)"]
[Result "1-0"]
[WhiteElo "2255"]
[BlackElo "2071"]

1.d4 Nf6 2.c4 c5 3.d5 e6 4.Nc3 exd5 5.cxd5 d6 6.e4 g6 7.f4 Bg7 8.Bb5+ Nfd7
9.a4 O-O 10.Nf3 Na6 11.O-O Nc7 12.Be2 Rb8 13.Nd2 a6 14.Nc4 Ne8 15.a5 Qc7
16.Be3 f5 17.e5 dxe5 18.d6 Qc6 19.Nd5 Kh8 20.Ne7 Qb5 21.fxe5 {#r} 1-0

[Event "Ch DLM (team)"]
[Site "masterchessopen.com - Bad Homburg (Germany)"]
[Round "6"]
[White "Neyman Igor (GER)"]
[Black "Schargorodskij Maxim (GER)"]
[Result "1-0"]
[WhiteElo "2255"]
[BlackElo "2213"]

1.d4 Nf6 2.c4 c5 3.d5 e6 4.Nc3 exd5 5.cxd5 d6 6.e4 g6 7.f4 Bg7 8.Bb5+ Nfd7
9.a4 Qh4+ 10.g3 Qe7 11.Nf3 O-O 12.O-O Na6 13.Re1 Nb4 14.Be3 Re8 15.Bf2 a6
16.Bf1 Qd8 17.Nd2 Qc7 18.Nc4 Bd4 19.a5 b5 20.axb6 Nxb6 21.Rc1 Bg7 22.Nxb6 Qxb6
23.e5 dxe5 24.Na4 Qd8 25.Nxc5 e4 26.d6 Be6 27.Rxe4 Nd5 28.Nxe6 fxe6 29.Rxe6
Rxe6 30.Qxd5 Qxd6 31.Qxa8+ Kf7 32.Bc4 {#r} 1-0

[Event "It (open)"]
[Site "masterchessopen.com - Bad Woerishofen (Germany)"]
[Round "2"]
[White "Prestel Oliver (GER)"]
[Black "Hopfauf Fridolin (GER)"]
[Result "1-0"]
[WhiteElo "2195"]
[BlackElo "2181"]

1.d4 Nf6 2.c4 c5 3.d5 e6 4.Nc3 exd5 5.cxd5 d6 6.e4 g6 7.f4 Bg7 8.Bb5+ Nfd7
9.a4 O-O 10.Nf3 Na6 11.O-O Nc7 12.Bxd7 Bxd7 13.f5 b5 14.Bg5 Bf6 15.Qd2 bxa4
16.Bxf6 Qxf6 17.e5 Qxf5 18.Rae1 Rad8 19.Ne4 Ne8 20.Ng3 {#r} 1-0

[Event "It (open)"]
[Site "masterchessopen.com - Barbera (Spain)"]
[Round "7"]
[White "Gual Pascual Antonio (ESP)"]
[Black "Rivas Garcia Victor (ESP)"]
[Result "0-1"]
[WhiteElo "2453"]
[BlackElo "2158"]

1.d4 Nf6 2.c4 c5 3.d5 e6 4.Nc3 exd5 5.cxd5 d6 6.e4 g6 7.f4 Bg7 8.Bb5+ Nfd7
9.a4 O-O 10.Nf3 Na6 11.O-O Nb4 12.Re1 a6 13.Bf1 Re8 14.h3 f5 15.exf5 Rxe1
16.Qxe1 Nc2 17.Qe6+ Kh8 18.Qe2 Nxa1 19.Ng5 Bd4+ 20.Kh2 Qf8 21.fxg6 hxg6 22.Ne6
Qf5 23.Nc7 Nb3 24.Be3 Rb8 25.Qf2 Nf6 26.g4 Nxg4+ 27.hxg4 Qxg4 28.Ne2 Bf6
29.Ne6 Bxe6 30.dxe6 Kg7 31.Bg2 Qxe6 32.Ng3 Bd4 {#R} 0-1

[Event "It (b)"]
[Site "masterchessopen.com - Budapest (Hungary)"]
[Round "7"]
[White "Rajlich Vasik G (USA)"]
[Black "Yu Mingyuan (CHN)"]
[Result "1-0"]
[WhiteElo "2209"]
[BlackElo "2319"]

1.d4 Nf6 2.c4 e6 3.Nc3 c5 4.d5 exd5 5.cxd5 d6 6.e4 g6 7.f4 Bg7 8.Bb5+ Nfd7
9.a4 O-O 10.Nf3 Na6 11.O-O Nc7 12.Bc4 Nb6 13.Ba2 Bg4 14.h3 Bxf3 15.Qxf3 Nd7
16.e5 dxe5 17.f5 Ne8 18.Ne4 Nef6 19.fxg6 hxg6 20.Bg5 Qb6 21.Nxf6+ Nxf6 22.Bxf6
Bxf6 23.Qxf6 Qxb2 24.d6 c4 25.Kh1 Qb4 26.Rac1 Rac8 27.d7 Rcd8 {#r} 1-0

[Event "It (open) \"]
[Site "masterchessopen.com - Budapest (Hungary)"]
[Round "2"]
[White "Jamrich Gyorgy (HUN)"]
[Black "Yu Mingyuan (CHN)"]
[Result "0-1"]
[WhiteElo "2225"]
[BlackElo "2319"]

1.d4 Nf6 2.c4 c5 3.d5 e6 4.Nc3 exd5 5.cxd5 d6 6.e4 g6 7.f4 Bg7 8.Bb5+ Nfd7
9.a4 O-O 10.Nf3 Na6 11.O-O Nc7 12.Bd3 a6 13.Nd2 Rb8 14.Nc4 Nf6 15.e5 dxe5
16.d6 Ne6 17.fxe5 Nd7 18.Re1 b5 19.axb5 axb5 20.Na5 Nxe5 21.Bxb5 Nd4 22.Bf4
Bg4 23.Qa4 Nef3+ 24.gxf3 Nxf3+ 25.Kg2 Qh4 26.Re3 Qh3+ 27.Kh1 Bd4 28.Rd3 g5
29.Bg3 Nxh2 30.Bf2 Nf3# 0-1

[Event "It (open)"]
[Site "masterchessopen.com - Cannes (France)"]
[Round "2"]
[White "Maloberti David (FRA)"]
[Black "Azariants Evgueny (FRA)"]
[Result "0-1"]
[WhiteElo "2094"]
[BlackElo "2151"]

1.d4 c5 2.d5 Nf6 3.c4 e6 4.Nc3 exd5 5.cxd5 d6 6.e4 g6 7.f4 Bg7 8.Bb5+ Nfd7
9.a4 Na6 10.Nf3 O-O 11.O-O Nb4 12.Re1 a6 13.Bf1 Nf6 14.h3 b6 15.Be3 Re8 16.Bf2
Bd7 17.Kh2 b5 18.axb5 axb5 19.Rxa8 Qxa8 20.g4 c4 21.Nd4 Qa5 22.Bg3 h5 23.f5
hxg4 24.hxg4 Nxg4+ 25.Qxg4 Bxd4 26.Qh4 Kg7 27.Kg2 Bf6 28.Qf4 gxf5 29.Qxd6 Bc8
30.Qf4 Nc2 31.e5 Nxe1+ {#R} 0-1

[Event "Czech League 2000/01 (2nd) (a)"]
[Site "masterchessopen.com - Czech Republic"]
[Round "2"]
[White "Civin Tomas (CZE)"]
[Black "Nun Jiri (CZE)"]
[Result "1-0"]
[WhiteElo "2258"]
[BlackElo "2366"]

1.d4 Nf6 2.c4 c5 3.d5 e6 4.Nc3 exd5 5.cxd5 d6 6.e4 g6 7.f4 Bg7 8.Bb5+ Nfd7
9.a4 Qh4+ 10.g3 Qe7 11.Nf3 O-O 12.O-O Na6 13.Re1 Nb4 14.e5 a6 15.Bxd7 Bxd7
16.Ne4 dxe5 17.d6 Qd8 18.fxe5 c4 19.a5 Nd3 20.Bg5 Qc8 21.Qd2 Nxe5 22.Nxe5 Bxe5
23.Bf6 Bxf6 24.Nxf6+ Kg7 25.Qd4 Kh6 26.Re7 Bf5 27.g4 Bd3 28.Re3 {#r} 1-0

[Event "It (open)"]
[Site "masterchessopen.com - Dos Hermanas (Spain)"]
[Round "2"]
[White "Matamoros Franco Carlos S (ECU)"]
[Black "Mandon Fabrice (FRA)"]
[Result "1-0"]
[WhiteElo "2467"]
[BlackElo "2120"]

1.c4 Nf6 2.d4 c5 3.d5 e6 4.Nc3 exd5 5.cxd5 g6 6.e4 d6 7.f4 Bg7 8.Bb5+ Nfd7
9.a4 O-O 10.Nf3 Na6 11.O-O Nb4 12.Re1 a6 13.Bf1 Re8 14.h3 Nf6 15.Bc4 h5 16.e5
Nh7 17.Ne4 dxe5 18.fxe5 Bxe5 19.Nxe5 Rxe5 20.Bf4 Rxd5 21.Bxd5 Qxd5 22.Qxd5
Nxd5 23.Bh6 Nhf6 24.Nxf6+ Nxf6 25.Bg5 Nd5 26.Re8+ Kg7 27.Rf1 b6 28.Rd8 f6
29.Rxd5 fxg5 30.Rd8 {#r} 1-0

[Event "Bayern Regionalliga Northeast 1999/00"]
[Site "masterchessopen.com - Germany"]
[Round "4"]
[White "Kordts Wolfgang (GER)"]
[Black "Weinmann Stefan (GER)"]
[Result "1-0"]
[WhiteElo "2212"]
[BlackElo "2157"]

1.d4 Nf6 2.c4 c5 3.d5 e6 4.Nc3 exd5 5.cxd5 d6 6.e4 g6 7.f4 Bg7 8.Bb5+ Nfd7
9.a4 O-O 10.Nf3 Na6 11.O-O Nb4 12.Re1 a6 13.Bc4 Re8 14.h3 Rb8 15.Be3 b6 16.Bf2
Bb7 17.Qd2 Ba8 18.Re2 f6 19.Rae1 h6 20.g4 g5 21.Bg3 Nf8 22.e5 gxf4 23.Bxf4
fxe5 24.Bxh6 Qf6 25.Bxg7 Kxg7 26.Ne4 Qf4 27.Nxd6 Qxf3 28.Qg5+ Ng6 29.Nf5+ Kf7
30.Rf2 {#r} 1-0

[Event "It (open)"]
[Site "masterchessopen.com - Klatovy (Czech Republic)"]
[Round "0"]
[White "Slajs Vlastimil (CZE)"]
[Black "Hodova Lucie (CZE)"]
[Result "1-0"]
[WhiteElo "2134"]
[BlackElo "2128"]

1.d4 Nf6 2.c4 c5 3.d5 e6 4.Nc3 exd5 5.cxd5 d6 6.e4 g6 7.f4 Bg7 8.Bb5+ Nfd7
9.a4 O-O 10.Nf3 Re8 11.O-O Na6 12.f5 Rf8 13.Bxd7 Bxd7 14.Bg5 Qb6 15.f6 Bh8
16.Qd2 c4+ 17.Kh1 Nc5 18.Bh4 Bg4 19.Qh6 Bxf3 20.Rxf3 Nd3 21.Raf1 Ne5 22.Rg3
Rfd8 23.Bg5 Nd7 24.h4 Qd4 25.Be3 Qe5 26.Rg5 Qe8 27.Bd4 b6 28.Rg3 a6 29.h5 Qf8
30.Qf4 Rdb8 31.hxg6 hxg6 32.Rh3 {#r} 1-0

[Event "Tournament"]
[Site "masterchessopen.com - Lima (Peru)"]
[Round "2"]
[White "Braschi Giancarlo (ITA)"]
[Black "Carbajal Augusto (PER)"]
[Result "0-1"]
[WhiteElo "2092"]
[BlackElo "2184"]

1.d4 Nf6 2.c4 c5 3.d5 e6 4.Nc3 exd5 5.cxd5 d6 6.e4 g6 7.f4 Bg7 8.Bb5+ Nfd7
9.a4 O-O 10.Nf3 a6 11.Bd3 b5 12.axb5 Nb6 13.h3 axb5 14.Rxa8 Nxa8 15.Nxb5 Ba6
16.Na3 Qb6 17.Bxa6 Qxa6 18.Qe2 Re8 19.Nc4 Nd7 20.O-O Nab6 21.b3 Nxc4 22.bxc4
Nb6 23.Nd2 Nxd5 24.Qd3 Nb4 25.Qb3 Qa2 26.Qxa2 Nxa2 27.Kf2 Bc3 28.e5 Nxc1
29.Ne4 Bd4+ 30.Kf3 Nb3 31.Rb1 Rb8 32.exd6 f5 {#R} 0-1

[Event "It (open)"]
[Site "masterchessopen.com - Montpellier (France)"]
[Round "3"]
[White "Gofshtein Zvulon (ISR)"]
[Black "Derieux Christian (FRA)"]
[Result "1-0"]
[WhiteElo "2561"]
[BlackElo "2172"]

1.d4 Nf6 2.c4 c5 3.d5 e6 4.Nc3 exd5 5.cxd5 d6 6.e4 g6 7.f4 Bg7 8.Bb5+ Nfd7
9.a4 Qh4+ 10.g3 Qe7 11.Nf3 O-O 12.O-O a6 13.Bd3 Nf6 14.e5 Nfd7 15.e6 fxe6
16.dxe6 Qxe6 17.Ng5 Bd4+ 18.Kg2 Qe8 19.Re1 Ne5 20.fxe5 Rf2+ 21.Kh1 dxe5 22.Be3
Rxb2 23.Bxd4 cxd4 24.Nd5 Kg7 25.Qf3 Nc6 26.Qf6+ {#r} 1-0

[Event "Ch Czech Republic (w) (open)"]
[Site "masterchessopen.com - Ricany (Czech Republic)"]
[Round "7"]
[White "Vorackova Jarmila (CZE)"]
[Black "Sikorova Olga (CZE)"]
[Result "0-1"]
[WhiteElo "1925"]
[BlackElo "2203"]

1.d4 Nf6 2.c4 c5 3.d5 e6 4.Nc3 exd5 5.cxd5 d6 6.e4 g6 7.f4 Bg7 8.Bb5+ Nfd7
9.a4 O-O 10.Nf3 Na6 11.O-O Nc7 12.Bd3 a6 13.h3 Rb8 14.a5 Re8 15.Nd2 Nf6 16.Qf3
Nfxd5 17.Nxd5 Nxd5 18.Nc4 Nb4 19.f5 Nxd3 20.Qxd3 d5 21.fxg6 hxg6 22.Qxd5 Be6
23.Qxd8 Rbxd8 24.Nb6 Bb3 25.Bg5 Rd3 26.Rac1 Bxb2 27.Rb1 Bd4+ 28.Kh1 Rxe4
29.Nd7 Bd5 30.Bf6 Rxh3+ 31.gxh3 Re2+ {#R} 0-1